| 000 | 01160nam a2200289 u 4500 | ||
|---|---|---|---|
| 001 | 000001951 | ||
| 003 | DO-SdBNP | ||
| 005 | 20211116114358.0 | ||
| 008 | 090630s1998 dr 001 0 spa d | ||
| 040 |
_aDO-SdBNP _bspa _cBPHU |
||
| 082 | 4 |
_aR 307.76097293 _bO12d _222 |
|
| 100 | 1 |
_aObjío G, César _96336 |
|
| 245 | 1 | 0 |
_aDiccionario biográfico-histórico de los nombres de las calles de Baní / _cCésar Objío G. |
| 246 | 0 | 1 | _aLos nombres de las calles de Baní |
| 260 |
_aRepública Dominicana : _bDel Valle, _c1998. |
||
| 300 |
_a192 p. ; _c21 cm. |
||
| 500 | _aIncluye índice. | ||
| 500 | _aIncluye anexo sobre nombres de personajes que merecen figurar en nuestras calles. | ||
| 504 | _aIncluye referencias bibliográficas. | ||
| 590 | _aInventariado, 2021 /DG | ||
| 650 | 4 |
_aNombres de calles _zBaní (República Dominicana) _xHistoria _vDiccionarios _96337 |
|
| 650 | 4 |
_aCiudades y pueblos _zRepública Dominicana _xHistoria _vDiccionarios _96338 |
|
| 651 | 4 |
_aBaní (República Dominicana) _xHistoria local _96339 |
|
| 651 | 0 |
_aBani (República Dominicana) _vBiografías _96340 |
|
| 910 | _aValidado. Control de calidad MFF | ||
| 942 |
_2ddc _cLBS1 |
||
| 999 |
_c1817 _d1817 |
||